Religión, derecho y sociedad. Antiguos y nuevos planteamientos en el derecho eclesiástico del Estado.

Saved in:
Bibliografiske detaljer
Hovedforfatter: Martínez-Torrón, Javier (autor)
Format: Bog
Sprog:engelsk
Udgivet: Granada, España: COMARES, 1999.
Serier:Religión, Derecho y Sociedad,
Fag:
Tags: Tilføj Tag
Ingen Tags, Vær først til at tagge denne postø!

MARC

LEADER 00000nam a22000007a 4500
003 CL-VaPUC
005 20231031163524.0
008 231024t1999 ||||| |||| 00| 0 eng d
999 |c 442178  |d 442176 
020 |a 84-8151-907-3 
040 |c Pontificia Universidad Católica de Valparaíso 
082 |2 22  |a 262.9 MAR 1999 
100 |9 475728  |a Martínez-Torrón, Javier  |e autor 
245 |a Religión, derecho y sociedad.  |b Antiguos y nuevos planteamientos en el derecho eclesiástico del Estado.  
260 |a Granada, España:  |b COMARES,  |c 1999. 
300 |a IX, 255 páginas.  
490 |a Religión, Derecho y Sociedad,  |n  1. 
500 |a c.1 Donación Sr. Jorge Precht Pizarro. 26-05-23. Biblioteca Teología. 
583 |c 20231024  |k Yessy Sthefany Diaz Vidal 
650 0 |9 719828  |a Derecho eclesiástico del Estado   |x Legislación   |z España 
650 0 |9 254934  |a Derecho canónico   |x Derecho comparado   |z España  |z Italia 
942 |2 ddc  |c BK 
952 |0 0  |1 0  |2 ddc  |4 0  |6 262_900000000000000_MAR_1999  |7 0  |8 A  |9 592114  |a BIBTEO  |b BIBTEO  |c GEN  |d 2023-10-24  |e Donación   |i 5658852  |o 262.9 MAR 1999  |p 5658852  |r 2025-05-07  |t 1  |w 2023-10-24  |y BK  |k ICR